Obras II: retórica, instituciones de oratoria

Gorde:
Xehetasun bibliografikoak
Egile nagusia: Vico, Giambattista (Egilea)
Formatua: Liburua
Hizkuntza:gaztelania
Argitaratua: Iztapalapa Anthropos 2004
Edizioa:1a. ed
Saila:Autores, Textos y Temas
Humanismo, 8
Gaiak:
Etiketak: Etiketa erantsi
Etiketarik gabe, Izan zaitez lehena erregistro honi etiketa jartzen!

MARC

LEADER 00000cam a2200000 a 4500
001 UCE8944
003 CL-VaPUC
008 150911e20040000mx |||||||||||||||||spa|d
020 |a 847658704X 
082 0 4 |a 808  |b VIC  |2 21 
100 0 |a Vico, Giambattista  |e author  |9 266513 
245 1 0 |a Obras II: retórica, instituciones de oratoria 
250 |a 1a. ed 
300 |a 267 p 
942 |c BK 
945 |d 20150911 12:29:00  |a gsalatino 
260 |a Iztapalapa  |b Anthropos  |c 2004 
650 0 |a Retórica   |9 266620 
650 7 |a RETRASOS ECONOMICOS  |2 CL-VaPUC  |9 581662 
650 0 |a Humanismo  |9 256530 
650 0 |a Filosofía   |9 223554 
583 |a last modification  |c 20150929 10:39:33  |k Rodrigo Vera 
490 0 |a Autores, Textos y Temas 
490 0 |a Humanismo, 8 
999 |c 360701  |d 360699 
952 |0 0  |1 0  |3 erb  |4 0  |6 808_000000000000000_VIC_2004  |7 0  |8 A  |9 470620  |a BIBEDU  |b BIBEDU  |i 5197287  |o 808 VIC 2004  |p 5197287  |r 2019-11-23  |w 2019-11-23  |y BK  |z Catalogado en:20150911  |k FIL